| 000 | 00849nam a2200229 a 4500 | ||
|---|---|---|---|
| 003 | CBULib | ||
| 005 | 20231213094345.0 | ||
| 008 | 191209s2014 ||||||||||||||||| || u | ||
| 040 |
_aCBULib _bEnglish _cCBULib _erda |
||
| 041 | _aeng | ||
| 050 | _aUNCTAD(02)2014/26 | ||
| 110 | _aUnited Nations Conference on Trade and Development (UNCTAD) | ||
| 245 | 1 | 0 |
_aVirtual institute teaching materials on trade and gender: volume 1 unfolding links _c/ by United Nations Conference on Trade and Development. (UNCTAD) |
| 260 |
_aNew York : _bUnited Nations, _c2014. |
||
| 300 | _aix, 102 pages.: illustrations. | ||
| 336 |
_2rdacontent _aText | _btxt |
||
| 337 |
_2rdamedia _aUnmediated | _bn |
||
| 338 |
_2rdacarrier _aVolume _bnc |
||
| 500 | _aIncludes bibliography | ||
| 942 |
_2mc _c029 |
||
| 999 |
_c61330 _d61330 |
||